[Event "II Weekend A"]
[Site "Piacenza ITA"]
[Date "2006.10.22"]
[Round "4"]
[White "Scalcione, Michelangelo"]
[Black "Giretti Kanev, Jasen"]
[Result "0-1"]
[WhiteElo "2325"]
[BlackElo "2208"]
[PlyCount "67"]
[EventDate "2006.10.20"]

1. Nf3 Nf6 2. c4 b6 3. g3 Bb7 4. Bg2 c5 5. O-O e6 6. Nc3 Be7 7. Re1 d6 8. e4 e5
9. Nd5 O-O 10. Nxe7+ Qxe7 11. Nh4 Nc6 12. Nf5 Qc7 13. d3 Nd4 14. Nxd4 cxd4 15.
f4 Kh8 16. Bh3 Nd7 17. Bxd7 Qxd7 18. f5 f6 19. Qh5 b5 20. b3 Rg8 21. Bd2 Rab8
22. Bb4 Bc6 23. Rab1 Rb7 24. Ba3 Rbb8 25. Rf1 Ba8 26. g4 g6 27. Qh4 gxf5 28.
Rxf5 Rxg4+ 29. Qxg4 Rg8 30. Qxg8+ Kxg8 31. Kf2 Kf7 32. Bc1 bxc4 33. bxc4 Qa4
34. Rb2 0-1

[Event "II Weekend A"]
[Site "Piacenza ITA"]
[Date "2006.10.22"]
[Round "4"]
[White "Sgnaolin, Davide"]
[Black "Murgia, Andrea"]
[Result "1/2-1/2"]
[WhiteElo "2144"]
[BlackElo "2063"]
[PlyCount "58"]
[EventDate "2006.10.20"]

1. e4 e5 2. Nf3 Nc6 3. Bb5 a6 4. Bxc6 dxc6 5. O-O Qd6 6. Na3 b5 7. c3 c5 8. Nc2
Bb7 9. d4 cxd4 10. cxd4 exd4 11. Nfxd4 O-O-O 12. Qe2 Qe5 13. Qg4+ Kb8 14. Bf4
Qxe4 15. Qg3 Rc8 16. Rfe1 Qg6 17. Bxc7+ Ka8 18. Bf4 Nf6 19. Rac1 Nh5 20. Qxg6
hxg6 21. Be5 f6 22. Bg3 Nxg3 23. hxg3 Bc5 24. Ne6 Rh5 25. g4 Rd5 26. Ne3 Re5
27. Nxc5 Rexc5 28. Rxc5 Rxc5 29. Rd1 Rc7 1/2-1/2

[Event "II Weekend A"]
[Site "Piacenza ITA"]
[Date "2006.10.22"]
[Round "5"]
[White "Annoni, Riccardo"]
[Black "Guidi, Maurizio"]
[Result "1/2-1/2"]
[WhiteElo "2068"]
[BlackElo "2103"]
[PlyCount "67"]
[EventDate "2006.10.20"]

1. e4 c5 2. Nc3 Nc6 3. g3 g6 4. Bg2 Bg7 5. d3 e6 6. Be3 Nd4 7. Qd2 Ne7 8. Nge2
Nec6 9. a3 O-O 10. Nc1 b6 11. Nd1 e5 12. c3 Ne6 13. Bh6 Bb7 14. Bxg7 Kxg7 15.
Ne3 Ne7 16. Nd5 d6 17. Ne2 Nc7 18. Nxc7 Qxc7 19. c4 Nc6 20. O-O Bc8 21. f4 f6
22. b4 a6 23. Nc3 Be6 24. Ne2 Ra7 25. bxc5 bxc5 26. fxe5 fxe5 27. Rxf8 Kxf8 28.
Bh3 Bf7 29. Rf1 Kg8 30. Nc3 Nd4 31. Qh6 Qe7 32. Nd1 Qf8 33. Qh4 Qe7 34. Qh6
1/2-1/2

[Event "II Weekend A"]
[Site "Piacenza ITA"]
[Date "2006.10.22"]
[Round "5"]
[White "Bonade', Massimo"]
[Black "Panizzi, Giuseppe"]
[Result "1-0"]
[WhiteElo "2097"]
[BlackElo "2122"]
[PlyCount "85"]
[EventDate "2006.10.20"]

1. d4 Nf6 2. c4 g6 3. Nc3 Bg7 4. e4 d6 5. Nf3 O-O 6. Be2 e5 7. Be3 Nc6 8. d5
Ne7 9. Nd2 Nd7 10. b4 f5 11. f3 f4 12. Bf2 Nf6 13. c5 g5 14. Nc4 Ng6 15. cxd6
cxd6 16. Nb5 Ne8 17. Bxa7 Bd7 18. Bb6 Qf6 19. Nc3 h5 20. Bf2 g4 21. Nb6 Rd8 22.
Nxd7 Rxd7 23. fxg4 h4 24. h3 f3 25. Bxf3 Bh6 26. Ne2 Bg5 27. a4 Nf4 28. Nxf4
Qxf4 29. O-O Rc7 30. Qe1 Ng7 31. Bxh4 Bxh4 32. Qxh4 Rc2 33. Qe1 Rc4 34. a5 Rfc8
35. b5 Ne8 36. a6 bxa6 37. bxa6 Qf7 38. a7 Qb7 39. Qf2 Ng7 40. Rfb1 Qa8 41. Qb6
Ne8 42. Kh2 Nf6 43. Qxd6 1-0

[Event "II Weekend A"]
[Site "Piacenza ITA"]
[Date "2006.10.22"]
[Round "5"]
[White "Caposciutti, Maurizio"]
[Black "Brancaleoni, Maurizio"]
[Result "1/2-1/2"]
[WhiteElo "2333"]
[BlackElo "2259"]
[PlyCount "31"]
[EventDate "2006.10.20"]

1. e4 e6 2. d4 d5 3. Nc3 Nf6 4. Bg5 dxe4 5. Nxe4 Nbd7 6. Nxf6+ Nxf6 7. Nf3 c5
8. Bb5+ Bd7 9. Bxd7+ Qxd7 10. O-O cxd4 11. Qxd4 Qxd4 12. Nxd4 Rc8 13. c3 Bc5
14. Rad1 Ke7 15. Rfe1 Rhd8 16. Nb3 1/2-1/2

[Event "II Weekend A"]
[Site "Piacenza ITA"]
[Date "2006.10.22"]
[Round "5"]
[White "Castrogiovanni, Carlo"]
[Black "Sgnaolin, Davide"]
[Result "0-1"]
[WhiteElo "2082"]
[BlackElo "2144"]
[PlyCount "58"]
[EventDate "2006.10.20"]

1. Nf3 Nf6 2. g3 d5 3. Bg2 c6 4. d4 Bg4 5. Nbd2 Nbd7 6. b3 e6 7. O-O Bd6 8. Bb2
Bxf3 9. Bxf3 h5 10. c4 h4 11. cxd5 cxd5 12. e4 dxe4 13. Nxe4 Nxe4 14. Bxe4 Qg5
15. Bc1 Qb5 16. Qf3 Rb8 17. Bf4 Bxf4 18. Qxf4 Rd8 19. Rac1 Nf6 20. Rc7 hxg3 21.
d5 gxh2+ 22. Kg2 O-O 23. dxe6 fxe6 24. Qg3 Rf7 25. Rxf7 Kxf7 26. Bg6+ Ke7 27.
Qxh2 Rd5 28. Rg1 Rg5+ 29. Kh1 Qd5+ 0-1

[Event "II Weekend A"]
[Site "Piacenza ITA"]
[Date "2006.10.22"]
[Round "5"]
[White "Faccia, Sergio"]
[Black "Brigati, Alessandro"]
[Result "1-0"]
[WhiteElo "2023"]
[BlackElo "2130"]
[PlyCount "79"]
[EventDate "2006.10.20"]

1. e4 d6 2. d4 Nf6 3. Nc3 g6 4. f4 Bg7 5. Nf3 O-O 6. e5 dxe5 7. dxe5 Qxd1+ 8.
Kxd1 Ng4 9. Ke1 c6 10. h3 Nh6 11. g4 Nd7 12. Be3 Nb6 13. Bxb6 axb6 14. Bc4 Kh8
15. Rd1 f5 16. g5 Nf7 17. h4 Nd8 18. h5 gxh5 19. Rxh5 Ne6 20. Rh4 b5 21. Bb3
Nc5 22. g6 h6 23. Bf7 b4 24. Ne2 Be6 25. Ng5 Bxf7 26. Nxf7+ Kg8 27. Ng3 e6 28.
Nh5 Rxa2 29. Nf6+ Bxf6 30. exf6 Rxf7 31. Rd8+ Rf8 32. Rxf8+ Kxf8 33. Rxh6 Kg8
34. f7+ Kg7 35. Rh7+ Kxg6 36. f8=Q Kxh7 37. Qxc5 Rxb2 38. Qe7+ Kg8 39. Qxe6+
Kh7 40. Qf7+ 1-0

[Event "II Weekend A"]
[Site "Piacenza ITA"]
[Date "2006.10.22"]
[Round "5"]
[White "Rezzuti, Vincenzo"]
[Black "Calza, Gabriele"]
[Result "0-1"]
[WhiteElo "2051"]
[BlackElo "2029"]
[PlyCount "54"]
[EventDate "2006.10.20"]

1. e4 c5 2. d4 cxd4 3. c3 Nf6 4. e5 Nd5 5. Nf3 e6 6. cxd4 d6 7. exd6 Bxd6 8.
Nc3 Nxc3 9. bxc3 Qc7 10. Bd2 O-O 11. Bd3 g6 12. O-O b6 13. Qe2 Bb7 14. h3 Nc6
15. Rfc1 Rfe8 16. Ng5 Bf4 17. Ne4 Kg7 18. g3 Bxd2 19. Qxd2 h6 20. Qe3 Rad8 21.
f4 Ne7 22. Nf2 Nf5 23. Bxf5 exf5 24. Qd3 Qc6 25. Qf1 Re2 26. Re1 Rxf2 27. Kxf2
Qf3+ 0-1

[Event "II Weekend A"]
[Site "Piacenza ITA"]
[Date "2006.10.22"]
[Round "5"]
[White "Sorcinelli, Francesco"]
[Black "Stella, Andrea"]
[Result "1-0"]
[WhiteElo "2108"]
[BlackElo "2117"]
[PlyCount "41"]
[EventDate "2006.10.20"]

1. e4 c5 2. Nc3 d6 3. f4 g6 4. Nf3 Bg7 5. Bc4 e6 6. O-O Ne7 7. Qe1 Nbc6 8. d3
O-O 9. f5 exf5 10. Qh4 h5 11. Bg5 Qd7 12. Bf6 a6 13. a4 b6 14. g4 fxg4 15. Ng5
Bxf6 16. Rxf6 Ne5 17. Raf1 Qe8 18. Nxf7 Nxf7 19. Rxf7 Rxf7 20. Rxf7 Qxf7 21.
Qxe7 1-0

[Event "II Weekend A"]
[Site "Piacenza ITA"]
[Date "2006.10.22"]
[Round "5"]
[White "Tagliagambe, Stefano"]
[Black "Raineri, Valerio"]
[Result "0-1"]
[WhiteElo "2050"]
[BlackElo "2129"]
[PlyCount "73"]
[EventDate "2006.10.20"]

1. Nf3 Nf6 2. c4 g6 3. b3 Bg7 4. Bb2 d6 5. d4 O-O 6. g3 c6 7. Bg2 Nfd7 8. O-O
e5 9. Nc3 f5 10. dxe5 Nxe5 11. Qd2 Nf7 12. Rad1 Nd7 13. Nd4 Nde5 14. f4 Ng4 15.
h3 Nf6 16. Kh2 Re8 17. Qc2 Re3 18. Qd2 Re8 19. Qc2 h5 20. Nf3 Qc7 21. Nh4 Kh7
22. e4 Nh6 23. Rfe1 Bd7 24. e5 dxe5 25. fxe5 Nfg4+ 26. hxg4 Nxg4+ 27. Kh1 Bxe5
28. Rxe5 Rxe5 29. Qd2 Re7 30. Qg5 Be8 31. Rf1 Re3 32. Bf3 Qxg3 33. Bxg4 hxg4
34. Ng2 Qh3+ 35. Kg1 g3 36. Qh4+ Qxh4 37. Nxh4 0-1

[Event "C.ti d'Italia"]
[Site "Cortina d'Ampezzo ITA"]
[Date "2006.07.11"]
[Round "3"]
[White "Gagliardi, Claudio"]
[Black "Cardili, Mariano"]
[Result "1-0"]
[WhiteElo "1791"]
[BlackElo "2088"]
[PlyCount "55"]
[EventDate "2006.07.10"]

1. d4 d5 2. Nf3 Nf6 3. e3 e6 4. Bd3 c5 5. b3 Nc6 6. Bb2 Be7 7. Nbd2 b6 8. O-O
Bb7 9. a3 O-O 10. Ne5 Re8 11. f4 g6 12. Rf3 Bf8 13. Rh3 Bg7 14. Ndf3 Rc8 15.
Qe2 Rc7 16. Rf1 Qc8 17. Ng5 a5 18. dxc5 bxc5 19. Ngxf7 Rxf7 20. Nxf7 Kxf7 21.
Bxf6 Kxf6 22. Rxh7 Ne7 23. Qg4 Kf7 24. Bxg6+ Nxg6 25. f5 exf5 26. Rxf5+ Kg8 27.
Qxg6 Re7 28. Rfh5 1-0

[Event "C.ti d'Italia"]
[Site "Cortina d'Ampezzo ITA"]
[Date "2006.07.12"]
[Round "5"]
[White "Petruccioli, Antonio"]
[Black "Crippa, Gabriele"]
[Result "0-1"]
[WhiteElo "2083"]
[BlackElo "2078"]
[PlyCount "144"]
[EventDate "2006.07.10"]

1. e4 d6 2. d4 Nf6 3. Nc3 e5 4. dxe5 dxe5 5. Qxd8+ Kxd8 6. Bc4 Be6 7. Bxe6 fxe6
8. Bg5 Bd6 9. f3 a6 10. O-O-O Ke7 11. Nge2 h6 12. Be3 Nbd7 13. h4 Bc5 14. Bxc5+
Nxc5 15. Kd2 Rad8+ 16. Ke3 b5 17. a3 Rxd1 18. Rxd1 h5 19. Nc1 Rb8 20. b4 Nb7
21. Nb3 Rd8 22. Rxd8 Kxd8 23. a4 c6 24. a5 Kc7 25. Ne2 Kd6 26. c3 c5 27. Ng1 c4
28. Nd2 Nd8 29. Nh3 Nc6 30. Ng5 Ke7 31. g3 g6 32. Nh3 Ne8 33. f4 Nf6 34. Nf2
Nd7 35. Nf3 Kf6 36. fxe5+ Ndxe5 37. Nd4 Ne7 38. Kf4 N5c6 39. e5+ Kf7 40. Nxc6
Nxc6 41. Ne4 Ne7 42. Ng5+ Ke8 43. Nxe6 Nd5+ 44. Kf3 Ke7 45. Nc5 Nxc3 46. Ke3
Nd5+ 47. Kd2 Nxb4 48. Kc3 Nc6 49. Nxa6 Nxa5 50. Kd4 Nb3+ 51. Kd5 c3 52. Nb4 Na1
53. Na2 c2 54. Nc1 b4 55. Kc4 b3 56. Kc3 Ke6 57. Kb2 Kxe5 58. Kxa1 Ke4 59. Kb2
Kf3 60. Nxb3 Kxg3 61. Kxc2 Kxh4 62. Kd1 Kg3 63. Ke2 Kg2 64. Nd2 h4 65. Nf1 h3
66. Ne3+ Kg1 67. Nf1 h2 68. Nxh2 Kxh2 69. Kf3 Kh3 70. Kf4 Kh4 71. Kf3 g5 72.
Kf2 Kh3 0-1

[Event "C.to Italiano Semifinale"]
[Site "Cortina d'Ampezzo ITA"]
[Date "2006.07.09"]
[Round "1"]
[White "Bonafede, Alessandro"]
[Black "Ronchetti, Niccolo'"]
[Result "0-1"]
[WhiteElo "2175"]
[BlackElo "2421"]
[PlyCount "62"]
[EventDate "2006.07.09"]

1. e4 c5 2. Nf3 Nc6 3. d4 cxd4 4. Nxd4 Nf6 5. Nc3 e5 6. Ndb5 d6 7. Bg5 a6 8.
Na3 b5 9. Bxf6 gxf6 10. Nd5 f5 11. c3 Bg7 12. exf5 Bxf5 13. Nc2 O-O 14. Nce3
Bg6 15. a4 b4 16. Nxb4 Nxb4 17. cxb4 f5 18. Qd2 f4 19. Nd5 Qh4 20. Be2 e4 21.
Bc4 Kh8 22. g3 fxg3 23. fxg3 e3 24. Nxe3 Qg5 25. Ra3 d5 26. Nxd5 Qf5 27. Re3
Qb1+ 28. Qd1 Qxb2 29. Rf1 Bc2 30. Rxf8+ Rxf8 31. Re2 Bc3+ 0-1

[Event "C.to Italiano Semifinale"]
[Site "Cortina d'Ampezzo ITA"]
[Date "2006.07.09"]
[Round "1"]
[White "Borgo, Giulio"]
[Black "Pechy, Alaster"]
[Result "1-0"]
[WhiteElo "2414"]
[BlackElo "2169"]
[PlyCount "87"]
[EventDate "2006.07.09"]

1. e4 c5 2. Nf3 Nc6 3. Bb5 g6 4. O-O Bg7 5. c3 Nf6 6. e5 Nd5 7. d4 cxd4 8. cxd4
O-O 9. Nc3 Nxc3 10. bxc3 d6 11. Re1 Bg4 12. exd6 Qxd6 13. h3 Bxf3 14. Qxf3 Rac8
15. a4 Rfd8 16. Ba3 Qf6 17. Qg3 e6 18. Rab1 Bf8 19. Bc1 h6 20. h4 Rd7 21. Re4
a6 22. Bd3 Ne7 23. Bd2 Nf5 24. Qf3 Bg7 25. h5 g5 26. Qe2 Nd6 27. Re3 Qd8 28.
Re1 Qa5 29. Rxe6 fxe6 30. Qxe6+ Rf7 31. Qxd6 Rf6 32. Qd7 Qc7 33. Re8+ Rf8 34.
Qe6+ Qf7 35. Bh7+ Kxh7 36. Qxf7 Rcxe8 37. Qxb7 Re2 38. Be3 Re1+ 39. Kh2 Rf6 40.
Qe4+ Kh8 41. Qa8+ Bf8 42. g3 Kh7 43. Kg2 Bd6 44. Qxa6 1-0

[Event "C.to Italiano Semifinale"]
[Site "Cortina d'Ampezzo ITA"]
[Date "2006.07.09"]
[Round "1"]
[White "Garcia Palermo, Carlos Horacio"]
[Black "Pizzuto, Samuele Tullio"]
[Result "1-0"]
[WhiteElo "2445"]
[BlackElo "2201"]
[PlyCount "69"]
[EventDate "2006.07.09"]

1. d4 d5 2. Nf3 Nc6 3. Bf4 Bg4 4. e3 e6 5. c4 Bb4+ 6. Nc3 Nge7 7. Rc1 O-O 8.
Bd3 f5 9. h3 Bxf3 10. Qxf3 Ng6 11. cxd5 exd5 12. O-O Nxf4 13. Qxf4 Ne7 14. a3
Bd6 15. Qh4 c6 16. Nb1 Rf6 17. Nd2 Rh6 18. Qg5 Rg6 19. Qh5 Qd7 20. f4 Rh6 21.
Qe2 Rf8 22. Nf3 Ng6 23. Ne5 Nxe5 24. fxe5 Be7 25. Rf3 Rh4 26. Rcf1 g6 27. g4
Qd8 28. gxf5 gxf5 29. Rxf5 Rxf5 30. Bxf5 Kh8 31. Kh2 Bg5 32. Bg4 Qe7 33. Rf5
Kg7 34. Qf3 Kh6 35. Rf7 1-0

[Event "C.to Italiano Semifinale"]
[Site "Cortina d'Ampezzo ITA"]
[Date "2006.07.09"]
[Round "1"]
[White "Piscopo, Pierluigi"]
[Black "Ubezio, Marco"]
[Result "0-1"]
[WhiteElo "2393"]
[BlackElo "2161"]
[PlyCount "61"]
[EventDate "2006.07.09"]

1. e4 Nf6 2. e5 Nd5 3. d4 d6 4. c4 Nb6 5. f4 dxe5 6. fxe5 Bf5 7. Nc3 e6 8. Nf3
Bb4 9. c5 Nd5 10. Bd2 b6 11. cxb6 axb6 12. Bc4 O-O 13. O-O c5 14. Nxd5 Bxd2 15.
Nxd2 exd5 16. Rxf5 dxc4 17. Nxc4 cxd4 18. e6 Ra7 19. exf7+ Raxf7 20. Rxf7 Rxf7
21. Ne5 Rf6 22. Qb3+ Kf8 23. Rc1 Na6 24. Qh3 Nc5 25. Qxh7 Qd5 26. Qh8+ Qg8 27.
Qh5 Qxa2 28. Re1 Qe6 29. b4 Rf5 30. Qh8+ Qg8 31. Ng6+ 0-1

[Event "C.to Italiano Semifinale"]
[Site "Cortina d'Ampezzo ITA"]
[Date "2006.07.09"]
[Round "1"]
[White "Rombaldoni, Axel"]
[Black "Vocaturo, Daniele"]
[Result "1-0"]
[WhiteElo "2169"]
[BlackElo "2410"]
[PlyCount "85"]
[EventDate "2006.07.09"]

1. e4 c5 2. Nf3 d6 3. d4 cxd4 4. Nxd4 Nf6 5. Nc3 a6 6. Be3 e5 7. Nb3 Be6 8. Nd5
Nbd7 9. f3 Nxd5 10. exd5 Bf5 11. Bd3 Bxd3 12. Qxd3 Rc8 13. O-O Be7 14. f4 exf4
15. Bxf4 Bf6 16. Rae1+ Be5 17. Re3 O-O 18. Rh3 g6 19. Bh6 Re8 20. c3 f5 21. Kh1
Nf6 22. Bg5 Qb6 23. Bxf6 Bxf6 24. Qg3 Qb5 25. Rxf5 Qe2 26. Kg1 Bd8 27. Rf1 Bb6+
28. Nd4 Rf8 29. Re1 Qxb2 30. Qh4 Rf7 31. Rhe3 Rxc3 32. Re8+ Kg7 33. Kh1 Bxd4
34. Qxd4+ Kh6 35. Qh4+ Kg7 36. Qd4+ Kh6 37. R8e4 Qf2 38. Rh4+ Kg5 39. Qg4+ Kf6
40. Re6+ Kg7 41. Rxh7+ Kxh7 42. Qxg6+ Kh8 43. Qh6+ 1-0

[Event "C.to Italiano Semifinale"]
[Site "Cortina d'Ampezzo ITA"]
[Date "2006.07.10"]
[Round "2"]
[White "Brunello, Sabino"]
[Black "Rombaldoni, Axel"]
[Result "1-0"]
[WhiteElo "2391"]
[BlackElo "2169"]
[PlyCount "91"]
[EventDate "2006.07.09"]

1. e4 c5 2. Nf3 d6 3. d4 cxd4 4. Nxd4 Nf6 5. Nc3 Bd7 6. Be3 Ng4 7. Bg5 h6 8.
Bh4 g5 9. Bg3 Bg7 10. Qd2 Nc6 11. Nb3 a5 12. a4 Rc8 13. f3 Nf6 14. Bb5 Nb4 15.
Nd4 Nc6 16. Bf2 O-O 17. O-O Nh5 18. Nde2 Ne5 19. b3 Bxb5 20. Nxb5 Ng6 21. Bd4
Bxd4+ 22. Nexd4 d5 23. Rad1 dxe4 24. fxe4 Qb6 25. Qe3 Nhf4 26. Nf5 Qxe3+ 27.
Nxe3 Ne2+ 28. Kf2 Nc3 29. Nxc3 Rxc3 30. Rd7 e6 31. Ke2 b6 32. Kd2 Rc5 33. Rb7
Rd8+ 34. Kc1 Ne5 35. Rxb6 Rd4 36. Rb5 Rxb5 37. axb5 Rxe4 38. Nd1 Rg4 39. Nc3
Rxg2 40. Re1 f6 41. b6 Rg4 42. Nb5 Nd7 43. b7 Rb4 44. Rd1 Rxb5 45. Rxd7 g4 46.
c4 1-0

[Event "C.to Italiano Semifinale"]
[Site "Cortina d'Ampezzo ITA"]
[Date "2006.07.10"]
[Round "2"]
[White "Genocchio, Daniele"]
[Black "Martorelli, Antonio"]
[Result "1-0"]
[WhiteElo "2345"]
[BlackElo "2264"]
[PlyCount "56"]
[EventDate "2006.07.09"]

1. b3 c5 2. Bb2 Nc6 3. e3 a6 4. c4 e5 5. Nc3 Nf6 6. Nf3 Be7 7. Bd3 d5 8. cxd5
Nxd5 9. Nxd5 Qxd5 10. Qb1 Be6 11. Be4 Qd6 12. O-O f6 13. d4 cxd4 14. exd4 Nxd4
15. Nxd4 exd4 16. Bxb7 Rd8 17. Qd3 a5 18. Qb5+ Kf7 19. Qxa5 Rd7 20. Be4 g6 21.
Rfd1 Qf4 22. Qe1 f5 23. Bc6 Rdd8 24. g3 Qg4 25. Bg2 Bf6 26. Rac1 Rc8 27. Rxc8
Bxc8 28. Rc1 Be6 1-0

[Event "C.to Italiano Semifinale"]
[Site "Cortina d'Ampezzo ITA"]
[Date "2006.07.10"]
[Round "2"]
[White "Paglietti, Nicola"]
[Black "Garcia Palermo, Carlos Horacio"]
[Result "1/2-1/2"]
[WhiteElo "2293"]
[BlackElo "2445"]
[PlyCount "134"]
[EventDate "2006.07.09"]

1. e4 d5 2. exd5 Qxd5 3. Nc3 Qd6 4. d4 c6 5. Nf3 Nf6 6. Be2 Bg4 7. h3 Bxf3 8.
Bxf3 e6 9. Ne4 Nxe4 10. Bxe4 Nd7 11. O-O Nf6 12. Bf3 Be7 13. c4 O-O 14. Be3
Rfd8 15. Qb3 Rd7 16. a3 a5 17. Rfe1 a4 18. Qc2 Qc7 19. Rad1 g6 20. g3 Bf8 21.
Kg2 Bg7 22. Bf4 Qa5 23. Be5 Rad8 24. Qc3 Qxc3 25. bxc3 Ne8 26. Bxg7 Kxg7 27.
Rb1 Nd6 28. Rb4 Ra8 29. Reb1 Ra5 30. Kf1 Kf6 31. Ke2 e5 32. Kd3 Ra7 33. Re1 h5
34. c5 Nb5 35. Bd1 e4+ 36. Kc2 Nxa3+ 37. Kb2 Nb5 38. Rxa4 Rxa4 39. Bxa4 Nc7 40.
Bc2 Ne6 41. h4 b6 42. cxb6 Rb7 43. Bxe4 Rxb6+ 44. Kc2 c5 45. d5 Nc7 46. Kd3 Ra6
47. Kc4 Ra5 48. Bh1 Na8 49. Rb1 Ke5 50. Rb7 Kd6 51. Rxf7 Nb6+ 52. Kd3 Nd7 53.
f4 Ra1 54. Bf3 c4+ 55. Kxc4 Rg1 56. Rg7 Rxg3 57. Bxh5 Nb6+ 58. Kd4 Nxd5 59.
Rxg6+ Rxg6 60. Bxg6 Nxf4 61. h5 Ne2+ 62. Kd3 Nxc3 63. h6 Nd5 64. Ke4 Nf6+ 65.
Kf5 Ke7 66. Kg5 Kf8 67. Kxf6 Kg8 1/2-1/2

[Event "C.to Italiano Semifinale"]
[Site "Cortina d'Ampezzo ITA"]
[Date "2006.07.10"]
[Round "2"]
[White "Pomaro, Alberto"]
[Black "De Santis, Alessio"]
[Result "0-1"]
[WhiteElo "2046"]
[BlackElo "2337"]
[PlyCount "74"]
[EventDate "2006.07.09"]

1. d4 d6 2. g3 g6 3. Bg2 Bg7 4. c3 e6 5. e4 Nf6 6. Ne2 h5 7. h4 Nbd7 8. Bf4 e5
9. dxe5 dxe5 10. Bg5 O-O 11. O-O Nc5 12. Nd2 Ne6 13. Bxf6 Qxf6 14. Nc4 Rd8 15.
Qc2 b5 16. Ne3 Nc5 17. Rad1 Be6 18. Nc1 Qe7 19. b3 Bh6 20. Qe2 Rxd1 21. Rxd1
Rd8 22. Nd3 Nxd3 23. Rxd3 Rxd3 24. Qxd3 Qa3 25. Qd8+ Bf8 26. Qd2 a5 27. c4 bxc4
28. Nxc4 Bxc4 29. bxc4 Bc5 30. Kh2 Bd4 31. f4 Qd6 32. Kh3 exf4 33. gxf4 Qe6+
34. Kh2 Qxc4 35. Qxa5 Qd3 36. e5 Bf2 37. Kh1 Qd1+ 0-1

[Event "C.to Italiano Semifinale"]
[Site "Cortina d'Ampezzo ITA"]
[Date "2006.07.10"]
[Round "2"]
[White "Ronchetti, Niccolo'"]
[Black "Franchini, Gabriele"]
[Result "1-0"]
[WhiteElo "2421"]
[BlackElo "2292"]
[PlyCount "105"]
[EventDate "2006.07.09"]

1. e4 e6 2. d4 d5 3. Nc3 Bb4 4. e5 c5 5. a3 Ba5 6. b4 cxd4 7. Nb5 Bc7 8. f4 Ne7
9. Nf3 Nbc6 10. Bd3 Bb8 11. Nbxd4 a6 12. Be3 Ba7 13. O-O Qc7 14. Qe1 Bd7 15.
Qg3 Nxd4 16. Nxd4 g6 17. Rfc1 Nc6 18. Nb3 O-O 19. c4 dxc4 20. Rxc4 Bxe3+ 21.
Qxe3 Rfc8 22. Rac1 Qd8 23. Nc5 Qb6 24. Kf2 Rd8 25. Be4 a5 26. Nxd7 Qxe3+ 27.
Kxe3 Rxd7 28. Bxc6 bxc6 29. Rxc6 Rad8 30. Rc8 Rd3+ 31. Ke2 Rd2+ 32. Ke1 axb4
33. axb4 Kf8 34. b5 Rd1+ 35. Ke2 R1d2+ 36. Ke3 R2d3+ 37. Ke2 Rd2+ 38. Ke1 Rd1+
39. Rxd1 Rxc8 40. Kd2 Ke8 41. Rc1 Rd8+ 42. Kc3 Rc8+ 43. Kb2 Rb8 44. Rc5 Kd7 45.
Kb3 Ra8 46. Rc2 Ra5 47. Kb4 Ra1 48. b6 Rb1+ 49. Ka5 Ra1+ 50. Kb5 Rb1+ 51. Ka6
Ra1+ 52. Kb7 Rb1 53. Rd2+ 1-0

[Event "C.to Italiano Semifinale"]
[Site "Cortina d'Ampezzo ITA"]
[Date "2006.07.10"]
[Round "2"]
[White "Ubezio, Marco"]
[Black "Puzzoni, Christian"]
[Result "1-0"]
[WhiteElo "2161"]
[BlackElo "2083"]
[PlyCount "51"]
[EventDate "2006.07.09"]

1. d4 d5 2. c4 e5 3. dxe5 d4 4. Nf3 Nc6 5. g3 Bg4 6. Bg2 Qd7 7. O-O O-O-O 8.
Qb3 h5 9. Rd1 Bc5 10. Nc3 Qf5 11. Na4 Be7 12. Rxd4 Nxd4 13. Nxd4 Rxd4 14. Qxb7+
Kd8 15. Be3 Qxe5 16. Qa8+ Kd7 17. Qxa7 Rd6 18. c5 Bxe2 19. cxd6 Bxd6 20. Bd4
Qb5 21. Re1 Bb4 22. Bc3 Bf8 23. Qd4+ Kc8 24. Qe4 f5 25. Qxe2 Qxa4 26. Qe8+ 1-0

[Event "C.to Italiano Semifinale"]
[Site "Cortina d'Ampezzo ITA"]
[Date "2006.07.11"]
[Round "3"]
[White "Bruno, Fabio"]
[Black "Paglietti, Nicola"]
[Result "1-0"]
[WhiteElo "2388"]
[BlackElo "2293"]
[PlyCount "55"]
[EventDate "2006.07.09"]

1. Nf3 Nf6 2. c4 g6 3. Nc3 d5 4. cxd5 Nxd5 5. Qa4+ Nc6 6. Ne5 Ndb4 7. a3 Nc2+
8. Qxc2 Nxe5 9. d4 Ng4 10. f3 Nf6 11. e4 c6 12. Be3 Bg7 13. Bc4 O-O 14. O-O Nd7
15. Rfd1 Nb6 16. Ba2 Bd7 17. Rac1 Rc8 18. Qf2 Kh8 19. Ne2 f5 20. Nf4 g5 21.
Ng6+ hxg6 22. Bxg5 e6 23. Qh4+ Kg8 24. Bxd8 Rcxd8 25. d5 Rde8 26. dxc6 Bxc6 27.
Rd6 Bxb2 28. Rxe6 1-0

[Event "C.to Italiano Semifinale"]
[Site "Cortina d'Ampezzo ITA"]
[Date "2006.07.11"]
[Round "3"]
[White "De Santis, Alessio"]
[Black "Ronchetti, Niccolo'"]
[Result "1/2-1/2"]
[WhiteElo "2337"]
[BlackElo "2421"]
[PlyCount "30"]
[EventDate "2006.07.09"]

1. d4 d5 2. c4 c6 3. Nc3 e5 4. dxe5 d4 5. Ne4 Qa5+ 6. Bd2 Qxe5 7. Ng3 Nf6 8.
Nf3 Qd6 9. Qc2 Be7 10. O-O-O O-O 11. e3 dxe3 12. Bxe3 Qc7 13. Bd3 Na6 14. a3
Nc5 15. Ng5 Nxd3+ 1/2-1/2

[Event "C.to Italiano Semifinale"]
[Site "Cortina d'Ampezzo ITA"]
[Date "2006.07.11"]
[Round "3"]
[White "Garcia Palermo, Carlos Horacio"]
[Black "Sbarra, Marco"]
[Result "1-0"]
[WhiteElo "2445"]
[BlackElo "2290"]
[PlyCount "105"]
[EventDate "2006.07.09"]

1. d4 d5 2. Nf3 e6 3. c4 c5 4. cxd5 exd5 5. e3 Nf6 6. Bb5+ Nc6 7. Ne5 Bd7 8.
Bxc6 bxc6 9. O-O Bd6 10. Nxd7 Qxd7 11. dxc5 Bxc5 12. Nc3 O-O 13. b3 Rfe8 14.
Bb2 Bb6 15. Na4 Bc7 16. Rc1 Ne4 17. g3 Rac8 18. Nc5 Qh3 19. Nxe4 Rxe4 20. Qf3
Bb6 21. Rfd1 Qe6 22. Rd3 h6 23. Rcd1 Rd8 24. Qh5 Kh7 25. Kg2 Rd7 26. R1d2 Rd8
27. Qd1 Rc8 28. Bd4 Kg8 29. f3 Bxd4 30. fxe4 Qxe4+ 31. Qf3 Bb6 32. Qxe4 dxe4
33. Rd7 Re8 34. R2d6 Bxe3 35. Rd8 Kf8 36. Rxe8+ Kxe8 37. Rxc6 Kd7 38. Rc3 Bb6
39. b4 Kd6 40. a4 f5 41. a5 Bd4 42. Rc2 g5 43. b5 Bc5 44. Rd2+ Ke6 45. b6 axb6
46. a6 b5 47. Rc2 Bd4 48. Rc7 f4 49. gxf4 gxf4 50. a7 Bxa7 51. Rxa7 Kd5 52. Rh7
Kd4 53. Rxh6 1-0

[Event "C.to Italiano Semifinale"]
[Site "Cortina d'Ampezzo ITA"]
[Date "2006.07.11"]
[Round "3"]
[White "Piscopo, Pierluigi"]
[Black "Genocchio, Daniele"]
[Result "1-0"]
[WhiteElo "2393"]
[BlackElo "2345"]
[PlyCount "59"]
[EventDate "2006.07.09"]

1. e4 e5 2. Nf3 Nc6 3. Bb5 a6 4. Ba4 d6 5. c3 Be7 6. O-O Bf6 7. d4 Bd7 8. d5
Nb8 9. c4 b5 10. Bc2 Ne7 11. a4 bxc4 12. Nfd2 Bg5 13. Nxc4 Bxc1 14. Qxc1 O-O
15. Nc3 Ng6 16. b4 f5 17. exf5 Bxf5 18. Ne3 Bxc2 19. Qxc2 Nd7 20. Ne4 Rb8 21.
Rab1 Nh4 22. Rfc1 Rc8 23. Qd3 Ra8 24. a5 h6 25. Rb2 Ra7 26. Rc6 Rf4 27. f3 Nf6
28. Rxa6 Rxa6 29. Qxa6 Nxe4 30. fxe4 1-0

[Event "C.to Italiano Semifinale"]
[Site "Cortina d'Ampezzo ITA"]
[Date "2006.07.11"]
[Round "3"]
[White "Ricci, Marco"]
[Black "Cocchi, Andrea"]
[Result "0-1"]
[WhiteElo "2150"]
[BlackElo "2333"]
[PlyCount "64"]
[EventDate "2006.07.09"]

1. e4 g6 2. d4 Bg7 3. Nc3 d6 4. Bg5 Nd7 5. Qd2 c6 6. f4 b5 7. e5 f6 8. exf6
Ndxf6 9. Bd3 b4 10. Nce2 Qb6 11. Nf3 Nh6 12. O-O O-O 13. c4 c5 14. d5 e6 15.
dxe6 Bxe6 16. Ng3 d5 17. Qc2 Nfg4 18. Rae1 d4 19. Qd2 Ne3 20. Rf2 Nxc4 21. Qe2
Ne3 22. Nf1 Nhg4 23. Nxe3 Nxe3 24. f5 Bxf5 25. Bxe3 dxe3 26. Qxe3 Bg4 27. Bc4+
Kh8 28. Qe4 Bxf3 29. Rxf3 Bxb2 30. Rxf8+ Rxf8 31. Qe7 Qf6 32. Qxc5 Bd4+ 0-1